LEADER 01267nam a2200337 a 4500 001 000000010956 003 CaOOAMICUS 005 20130510142209.0 008 941010s1988 it u000 u ita r 020 $a881855502 035 $a10271197 040 $aPUL$bita 100 1 $aMazzarino, Santo,$d1916-1987.$0(OLS)http://pul/name/4175 245 13$aLa fine del mondo antico /$cSanto Mazzarino. 260 $aMilano :$bRizzoli,$c1988. 300 $a205 p. ;$c23 cm 500 $aInclude indice. 504 $aBibliografia: p. 197-198. 650 4$aCivilizzazione.$0(OLS)http://pul/subject/22881 650 4$aStoriografia.$0(OLS)http://pul/subject/2514 850 $aPUL 852 $aPUL$W1$xSL Filosofia 1$y2$m104 D 46$j15521$nBK-PRI$b $qStampati$B15521$CPULBib$Z2$F15521 $H $81 852 $aPUL$W1$xDP1 Fondo E. Rossi$y115$m1 M 51$j153945$qFondi$B153519$CPULBib$Z2$F153519 $82 941 1 $a8 941 1 $a1 961 $aINV: 60911 961 $aSul dorso collocazione ms. di E. Rossi: M 44 996 $6020$a881855502$9(OLS)http://pul/number/14042 996 $6245$aLa fine del mondo antico$9(OLS)http://pul/title/15935 996 $6260$aMilano :$bRizzoli$9(OLS)http://pul/publisher/48712 LEADER 01351nam a2200277 u 4500 001 000000015851 003 CaOOAMICUS 005 20070226105927.0 008 940517s1988 it u000 u ita u 035 $a10370932 040 $aEFR(R)$bita 041 0 $aita$afre$aeng$aspa 110 2 $aAccademia romanistica costantiniana.$bConvegno internazionale$n(7 :$d1985 :$cSpello, Perugia e Norcia).$0(OLS)http://pul/name/14485 245 10$aAtti dell'Accademia romanistica costantiniana :$bVII convegno internazionale. 260 $aNapoli :$bEdizioni scientifiche italiane,$cc1988. 300 $a586 p. ;$c24 cm 500 $aIn testa al front.: Università degli studi di Perugia. Facoltà di giurisprudenza. 500 $aComprende indici. 650 4$aDiritto romano$xCongressi.$0(OLS)http://pul/subject/9513 710 2 $aUniversità degli studi di Perugia.$bFacoltà di giurisprudenza.$0(OLS)http://pul/name/13314 850 $aPUL 852 $aPUL$W1$xSL Diritto e Scienze Sociali 1$y4$m195 B 7$j22280$nBK-PRI$b $qStampati$B22280$CPULBib$Z2$F22280 $H $81 941 1 $a8 961 $aINV: 66444 996 $6245$aAtti dell'Accademia romanistica costantiniana :$bVII convegno internazionale$9(OLS)http://pul/title/22681 996 $6260$aNapoli :$bEdizioni scientifiche italiane$9(OLS)http://pul/publisher/48388